00465 2200181 4500001002100000005001500021008004100036020002200077035001900099041000700118082001000125090001600135100001900151245003200170260003500202300001800237650002800255INLIS00000000001990620241224115805241224||||||||| | ||| |||| || |  a978-602-8023-77-1 0010-1224019906 aid0 a590.3 a590.3 TIM b0 aEd. Agus Salim00aEnsiklopedi Sains: Binatang aBandungbnuansa cendekiac2013 a64hlm;18x25cm 0aIlmu-Ilmu Tentang Hewan